[Event "Team men HL 2016"]
[Site "Sochi"]
[Date "2016.05.10"]
[Round "9.4"]
[White "Arslanov, Shamil"]
[Black "Yevseev, Denis"]
[Result "1/2-1/2"]
[LiveChessVersion "1.4.4"]
[BlackElo "2526"]
[WhiteElo "2398"]

1. e4 {[%clk 1:30:58]} c6 {[%clk 1:30:50]} 2. d4 {[%clk 1:31:22]} d5
{[%clk 1:31:16]} 3. Nc3 {[%clk 1:31:38]} dxe4 {[%clk 1:31:38]} 4. Nxe4
{[%clk 1:32:04]} Bf5 {[%clk 1:32:04]} 5. Ng3 {[%clk 1:32:30]} Bg6
{[%clk 1:32:29]} 6. h4 {[%clk 1:32:56]} h6 {[%clk 1:32:54]} 7. Nf3
{[%clk 1:33:23]} e6 {[%clk 1:33:02]} 8. h5 {[%clk 1:33:12]} Bh7 {[%clk 1:33:27]}
9. Bd3 {[%clk 1:33:39]} Bxd3 {[%clk 1:33:38]} 10. Qxd3 {[%clk 1:34:03]} Nf6
{[%clk 1:33:10]} 11. Bd2 {[%clk 1:34:23]} Be7 {[%clk 1:28:34]} 12. O-O-O
{[%clk 1:32:55]} O-O {[%clk 1:28:59]} 13. Kb1 {[%clk 1:25:44]} Nbd7
{[%clk 1:22:03]} 14. Ne4 {[%clk 1:15:14]} Nxe4 {[%clk 1:20:06]} 15. Qxe4
{[%clk 1:13:17]} Nf6 {[%clk 1:20:00]} 16. Qe2 {[%clk 1:13:39]} Qd5
{[%clk 1:18:34]} 17. Ne5 {[%clk 1:12:56]} Qe4 {[%clk 1:06:18]} 18. Qxe4
{[%clk 0:56:42]} Nxe4 {[%clk 1:06:41]} 19. Be1 {[%clk 0:57:10]} Rac8
{[%clk 0:38:14]} 20. f3 {[%clk 0:45:58]} Nf6 {[%clk 0:38:12]} 21. g4
{[%clk 0:37:24]} b5 {[%clk 0:36:27]} 22. Bh4 {[%clk 0:25:02]} Rfd8
{[%clk 0:26:01]} 23. Rd3 {[%clk 0:19:32]} Rd5 {[%clk 0:21:05]} 24. Bg3
{[%clk 0:19:55]} c5 {[%clk 0:17:13]} 25. dxc5 {[%clk 0:19:39]} Rdxc5
{[%clk 0:16:14]} 26. Rd2 {[%clk 0:11:57]} Nd5 {[%clk 0:15:16]} 27. Nd3
{[%clk 0:12:16]} Rc4 {[%clk 0:14:31]} 28. Nf2 {[%clk 0:09:00]} b4
{[%clk 0:07:01]} 29. Ne4 {[%clk 0:06:22]} a5 {[%clk 0:06:16]} 30. Be5
{[%clk 0:03:15]} Ne3 {[%clk 0:03:21]} 31. Rd7 {[%clk 0:02:36]} Bf8
{[%clk 0:03:28]} 32. g5 {[%clk 0:02:29]} Nf5 {[%clk 0:01:54]} 33. gxh6
{[%clk 0:01:35]} Nxh6 {[%clk 0:02:20]} 34. Rh2 {[%clk 0:01:06]} a4
{[%clk 0:02:06]} 35. b3 {[%clk 0:01:21]} R4c6 {[%clk 0:02:05]} 36. Rhd2
{[%clk 0:01:08]} a3 {[%clk 0:02:00]} 37. Rg2 {[%clk 0:01:13]} Kh8
{[%clk 0:01:51]} 38. Bf4 {[%clk 0:00:57]} f5 {[%clk 0:00:44]} 39. Bxh6
{[%clk 0:01:03]} fxe4 {[%clk 0:01:09]} 40. Bxg7+ {[%clk 0:30:46]} Bxg7
{[%clk 0:31:32]} 41. Rgxg7 {[%clk 0:30:58]} Rxc2 {[%clk 0:31:07]} 42. Rh7+
{[%clk 0:28:01]} Kg8 {[%clk 0:30:58]} 43. Rhg7+ {[%clk 0:28:25]} 1/2-1/2

[Event "Team men HL 2016"]
[Site "Sochi"]
[Date "2016.05.10"]
[Round "9.5"]
[White "Volkov, Sergey"]
[Black "Alekseenko, Kirill"]
[Result "1/2-1/2"]
[LiveChessVersion "1.4.4"]
[BlackElo "2570"]
[WhiteElo "2611"]

1. d4 {[%clk 1:30:56]} d5 {[%clk 1:30:21]} 2. c4 {[%clk 1:31:18]} dxc4
{[%clk 1:30:27]} 3. e3 {[%clk 1:31:40]} e5 {[%clk 1:29:59]} 4. Bxc4
{[%clk 1:31:32]} exd4 {[%clk 1:29:24]} 5. exd4 {[%clk 1:31:20]} Bd6
{[%clk 1:29:05]} 6. Nf3 {[%clk 1:31:16]} Nf6 {[%clk 1:29:28]} 7. Qe2+
{[%clk 1:31:36]} Be7 {[%clk 1:29:53]} 8. O-O {[%clk 1:31:53]} O-O
{[%clk 1:30:06]} 9. Nc3 {[%clk 1:32:03]} Bg4 {[%clk 1:23:24]} 10. h3
{[%clk 1:30:37]} Bh5 {[%clk 1:21:54]} 11. g4 {[%clk 1:30:51]} Bg6
{[%clk 1:22:20]} 12. Ne5 {[%clk 1:31:18]} Nc6 {[%clk 1:15:23]} 13. Nxc6
{[%clk 1:30:35]} bxc6 {[%clk 1:15:47]} 14. f4 {[%clk 1:31:01]} h6
{[%clk 1:13:02]} 15. f5 {[%clk 1:31:09]} Bh7 {[%clk 1:13:27]} 16. Kg2
{[%clk 1:22:17]} Re8 {[%clk 1:07:14]} 17. Qd3 {[%clk 0:56:54]} Qd7
{[%clk 1:00:41]} 18. Bf4 {[%clk 0:52:39]} Bd6 {[%clk 0:54:57]} 19. Qf3
{[%clk 0:45:24]} Rab8 {[%clk 0:42:29]} 20. Rf2 {[%clk 0:42:45]} Re7
{[%clk 0:41:02]} 21. Rd1 {[%clk 0:42:17]} Qe8 {[%clk 0:39:27]} 22. Rdd2
{[%clk 0:33:24]} Rd8 {[%clk 0:36:37]} 23. Rde2 {[%clk 0:29:06]} Bxf4
{[%clk 0:35:13]} 24. Qxf4 {[%clk 0:28:25]} Rd6 {[%clk 0:21:47]} 25. Re5
{[%clk 0:24:21]} Nd7 {[%clk 0:20:54]} 26. Rxe7 {[%clk 0:18:35]} Qxe7
{[%clk 0:21:16]} 27. Re2 {[%clk 0:18:59]} Qd8 {[%clk 0:20:41]} 28. Qe3
{[%clk 0:16:48]} Nf6 {[%clk 0:13:59]} 29. Qe7 {[%clk 0:16:41]} Qf8
{[%clk 0:14:12]} 30. Qxc7 {[%clk 0:16:11]} Rxd4 {[%clk 0:14:02]} 31. Qxc6
{[%clk 0:16:11]} Rd6 {[%clk 0:11:07]} 32. Bxf7+ {[%clk 0:13:25]} Kh8
{[%clk 0:11:36]} 33. Qb7 {[%clk 0:12:55]} Rd3 {[%clk 0:09:15]} 34. Bc4
{[%clk 0:09:55]} Rd4 {[%clk 0:09:37]} 35. Be6 {[%clk 0:07:59]} Bg8
{[%clk 0:05:28]} 36. Qxa7 {[%clk 0:05:10]} Qd6 {[%clk 0:05:01]} 37. Bxg8
{[%clk 0:01:40]} Rd3 {[%clk 0:02:59]} 38. Bd5 {[%clk 0:00:39]} Nxd5
{[%clk 0:01:52]} 39. Re8+ {[%clk 0:00:39]} Kh7 {[%clk 0:02:19]} 40. Ne4
{[%clk 0:30:41]} Nf4+ {[%clk 0:32:02]} 41. Kg1 {[%clk 0:17:27]} Nxh3+
{[%clk 0:22:33]} 42. Kh1 {[%clk 0:16:33]} Qc6 {[%clk 0:20:11]} 43. f6
{[%clk 0:15:25]} Qc1+ {[%clk 0:12:27]} 44. Kh2 {[%clk 0:14:22]} Qf4+
{[%clk 0:11:41]} 45. Kg2 {[%clk 0:10:21]} Qxg4+ {[%clk 0:12:08]} 46. Kh2
{[%clk 0:10:37]} Qf4+ {[%clk 0:09:32]} 47. Kg2 {[%clk 0:10:57]} Qf3+
{[%clk 0:07:53]} 48. Kh2 {[%clk 0:11:17]} Qf4+ {[%clk 0:07:01]} 49. Kg2
{[%clk 0:11:31]} 1/2-1/2

[Event "Team men HL 2016"]
[Site "Sochi"]
[Date "2016.05.10"]
[Round "9.6"]
[White "Levin, Evgeny A."]
[Black "Tregubov, Pavel V."]
[Result "1/2-1/2"]
[LiveChessVersion "1.4.4"]
[BlackElo "2593"]
[WhiteElo "2510"]

1. d4 {[%clk 1:30:57]} Nf6 {[%clk 1:30:53]} 2. c4 {[%clk 1:31:23]} e6
{[%clk 1:31:17]} 3. Nf3 {[%clk 1:31:21]} d5 {[%clk 1:31:32]} 4. Nc3
{[%clk 1:31:46]} c5 {[%clk 1:31:56]} 5. cxd5 {[%clk 1:31:46]} Nxd5
{[%clk 1:32:19]} 6. e4 {[%clk 1:31:48]} Nxc3 {[%clk 1:32:42]} 7. bxc3
{[%clk 1:31:44]} cxd4 {[%clk 1:33:06]} 8. cxd4 {[%clk 1:32:40]} Bb4+
{[%clk 1:33:28]} 9. Bd2 {[%clk 1:33:07]} Bxd2+ {[%clk 1:33:52]} 10. Qxd2
{[%clk 1:33:33]} O-O {[%clk 1:34:11]} 11. Bc4 {[%clk 1:27:07]} Nd7
{[%clk 1:34:24]} 12. O-O {[%clk 1:27:06]} b6 {[%clk 1:34:47]} 13. Rfe1
{[%clk 1:26:48]} Bb7 {[%clk 1:35:03]} 14. Rad1 {[%clk 1:19:37]} Rc8
{[%clk 1:35:03]} 15. Bb3 {[%clk 1:11:06]} Qf6 {[%clk 1:34:05]} 16. h3
{[%clk 1:07:42]} h6 {[%clk 1:33:37]} 17. Qe3 {[%clk 1:04:08]} Rfe8
{[%clk 1:11:38]} 18. Rc1 {[%clk 0:50:27]} Rxc1 {[%clk 0:40:49]} 19. Rxc1
{[%clk 0:49:30]} Rc8 {[%clk 0:41:13]} 20. Rxc8+ {[%clk 0:42:41]} Bxc8
{[%clk 0:41:39]} 21. Qc1 {[%clk 0:39:11]} Qd8 {[%clk 0:40:50]} 22. Qc6
{[%clk 0:38:50]} Nf6 {[%clk 0:32:37]} 23. Ne5 {[%clk 0:35:39]} Bd7
{[%clk 0:31:35]} 24. Nxd7 {[%clk 0:20:23]} Qxd7 {[%clk 0:30:35]} 25. Qxd7
{[%clk 0:20:13]} Nxd7 {[%clk 0:31:00]} 26. Ba4 {[%clk 0:19:52]} Nf6
{[%clk 0:29:46]} 27. f3 {[%clk 0:18:12]} g5 {[%clk 0:28:56]} 28. Kf2
{[%clk 0:18:26]} Kf8 {[%clk 0:29:13]} 29. g3 {[%clk 0:18:29]} Ke7
{[%clk 0:29:24]} 30. Bb5 {[%clk 0:17:43]} Ne8 {[%clk 0:19:41]} 31. f4
{[%clk 0:15:50]} gxf4 {[%clk 0:18:29]} 32. gxf4 {[%clk 0:16:15]} f5
{[%clk 0:08:38]} 33. e5 {[%clk 0:09:56]} Nc7 {[%clk 0:09:01]} 34. Bc6
{[%clk 0:10:11]} Nd5 {[%clk 0:04:53]} 35. Bxd5 {[%clk 0:09:02]} exd5
{[%clk 0:05:18]} 36. a4 {[%clk 0:08:52]} a5 {[%clk 0:05:16]} 37. Ke3
{[%clk 0:07:40]} h5 {[%clk 0:04:33]} 38. Kd3 {[%clk 0:08:02]} h4 {[%clk 0:04:57]}
39. Kc3 {[%clk 0:08:29]} Ke6 {[%clk 0:05:21]} 40. Kb2 {[%clk 0:38:55]} Ke7
{[%clk 0:35:46]} 41. Ka1 {[%clk 0:39:23]} Ke6 1/2-1/2

[Event "Team men HL 2016"]
[Site "Sochi"]
[Date "2016.05.10"]
[Round "9.7"]
[White "Kryakvin, Dmitry"]
[Black "Usmanov, Vasily"]
[Result "1/2-1/2"]
[LiveChessVersion "1.4.4"]
[BlackElo "2436"]
[WhiteElo "2532"]

1. d4 {[%clk 1:30:53]} Nf6 {[%clk 1:30:55]} 2. c4 {[%clk 1:31:19]} e6
{[%clk 1:31:23]} 3. Nf3 {[%clk 1:31:42]} d5 {[%clk 1:31:49]} 4. Nc3
{[%clk 1:32:07]} Be7 {[%clk 1:32:16]} 5. Bg5 {[%clk 1:32:30]} O-O
{[%clk 1:32:40]} 6. e3 {[%clk 1:32:55]} c6 {[%clk 1:32:40]} 7. Qc2
{[%clk 1:32:11]} Nbd7 {[%clk 1:32:58]} 8. Rd1 {[%clk 1:31:48]} b6
{[%clk 1:32:36]} 9. cxd5 {[%clk 1:25:12]} cxd5 {[%clk 1:30:45]} 10. Bd3
{[%clk 1:25:31]} Bb7 {[%clk 1:30:57]} 11. O-O {[%clk 1:25:54]} Rc8
{[%clk 1:30:35]} 12. Ne5 {[%clk 1:19:52]} Ne4 {[%clk 1:29:05]} 13. Bf4
{[%clk 1:03:15]} f5 {[%clk 1:21:26]} 14. Rc1 {[%clk 0:50:23]} Nxe5
{[%clk 1:17:14]} 15. Bxe5 {[%clk 0:50:22]} Qd7 {[%clk 1:06:36]} 16. Qe2
{[%clk 0:34:14]} Bb4 {[%clk 1:03:32]} 17. Nb1 {[%clk 0:29:04]} Rxc1
{[%clk 1:02:37]} 18. Rxc1 {[%clk 0:29:30]} Rc8 {[%clk 1:02:47]} 19. Rc2
{[%clk 0:29:08]} Rxc2 {[%clk 0:58:40]} 20. Qxc2 {[%clk 0:29:17]} Bc6
{[%clk 0:58:18]} 21. f3 {[%clk 0:28:14]} Ng5 {[%clk 0:53:29]} 22. a3
{[%clk 0:26:26]} Be7 {[%clk 0:53:42]} 23. Nc3 {[%clk 0:25:48]} Nf7
{[%clk 0:54:07]} 24. Bg3 {[%clk 0:24:36]} Nd6 {[%clk 0:53:43]} 25. Qe2
{[%clk 0:22:41]} Bf6 {[%clk 0:51:54]} 26. Bxd6 {[%clk 0:20:45]} Qxd6
{[%clk 0:51:53]} 27. f4 {[%clk 0:21:11]} g5 {[%clk 0:51:26]} 28. g3
{[%clk 0:21:20]} g4 {[%clk 0:51:28]} 29. Bb5 {[%clk 0:18:57]} Kf7
{[%clk 0:48:23]} 30. Kf2 {[%clk 0:14:52]} Bb7 {[%clk 0:48:08]} 31. Ba6
{[%clk 0:13:44]} Bc6 {[%clk 0:48:25]} 32. Qc2 {[%clk 0:13:22]} Bd8
{[%clk 0:47:34]} 33. Bb5 {[%clk 0:09:21]} Bc7 {[%clk 0:37:48]} 34. Qa4
{[%clk 0:07:02]} Bxb5 {[%clk 0:38:06]} 35. Qxb5 {[%clk 0:06:44]} Bb8
{[%clk 0:37:40]} 36. h3 {[%clk 0:05:26]} h5 {[%clk 0:36:55]} 37. hxg4
{[%clk 0:05:33]} hxg4 {[%clk 0:37:21]} 38. Ke1 {[%clk 0:04:27]} Ke7
{[%clk 0:37:35]} 39. Qf1 {[%clk 0:01:10]} Kd7 {[%clk 0:36:55]} 40. Kd2
{[%clk 0:31:06]} Qc6 {[%clk 1:05:27]} 41. Kc2 {[%clk 0:27:50]} Kc8
{[%clk 1:05:38]} 42. Qa6+ {[%clk 0:25:34]} Qb7 {[%clk 1:06:01]} 43. Qf1
{[%clk 0:24:43]} Qh7 {[%clk 1:06:20]} 44. Kb3 {[%clk 0:24:22]} Qd7
{[%clk 1:02:30]} 45. Qa6+ {[%clk 0:17:51]} Qb7 {[%clk 1:01:58]} 46. Qb5
{[%clk 0:14:35]} Qd7 {[%clk 1:02:08]} 47. Qa6+ {[%clk 0:13:33]} Qb7
{[%clk 0:59:42]} 48. Qf1 {[%clk 0:13:56]} Qd7 {[%clk 1:00:05]} 49. Ka2
{[%clk 0:10:21]} Kb7 {[%clk 0:59:54]} 50. b4 {[%clk 0:10:25]} a6 {[%clk 0:56:00]}
51. Kb3 {[%clk 0:10:42]} Qh7 {[%clk 0:55:52]} 52. b5 {[%clk 0:07:31]} a5
{[%clk 0:55:41]} 53. Na4 {[%clk 0:07:16]} Bd6 {[%clk 0:55:24]} 54. Qc1
{[%clk 0:05:12]} Qd7 {[%clk 0:55:18]} 55. Nc3 {[%clk 0:04:58]} Bf8
{[%clk 0:53:33]} 1/2-1/2

[Event "Team men HL 2016"]
[Site "Sochi"]
[Date "2016.05.10"]
[Round "9.8"]
[White "Palchun, Grigory"]
[Black "Shariyazdanov, Andrey"]
[Result "1-0"]
[LiveChessVersion "1.4.4"]
[BlackElo "2527"]
[WhiteElo "2320"]

1. d4 {[%clk 1:30:57]} Nf6 {[%clk 1:30:51]} 2. Nf3 {[%clk 1:31:24]} d5
{[%clk 1:31:07]} 3. Bf4 {[%clk 1:31:50]} c5 {[%clk 1:31:08]} 4. e3
{[%clk 1:32:16]} Nc6 {[%clk 1:31:27]} 5. c3 {[%clk 1:32:41]} Qb6 {[%clk 1:31:39]}
6. Qc2 {[%clk 1:31:58]} Bg4 {[%clk 1:30:00]} 7. Nbd2 {[%clk 1:32:08]} e6
{[%clk 1:30:20]} 8. Ne5 {[%clk 1:29:29]} Nxe5 {[%clk 1:26:18]} 9. Bxe5
{[%clk 1:29:20]} Nd7 {[%clk 1:24:50]} 10. Qa4 {[%clk 1:26:41]} a6
{[%clk 1:12:16]} 11. dxc5 {[%clk 1:21:21]} Qc6 {[%clk 1:12:39]} 12. Qxg4
{[%clk 1:21:39]} Nxe5 {[%clk 1:13:03]} 13. Qd4 {[%clk 1:16:25]} Nd7
{[%clk 1:09:56]} 14. b4 {[%clk 1:14:43]} Be7 {[%clk 1:10:20]} 15. Rc1
{[%clk 1:10:51]} a5 {[%clk 1:05:22]} 16. Qxg7 {[%clk 0:59:23]} Bf6
{[%clk 1:04:31]} 17. Qg4 {[%clk 0:59:49]} axb4 {[%clk 0:58:25]} 18. Qxb4
{[%clk 0:54:04]} Qxc5 {[%clk 0:57:40]} 19. Bb5 {[%clk 0:29:27]} Ke7
{[%clk 0:40:53]} 20. a4 {[%clk 0:24:14]} Rhc8 {[%clk 0:37:56]} 21. Qf4
{[%clk 0:16:09]} Qd6 {[%clk 0:32:18]} 22. Qxd6+ {[%clk 0:16:09]} Kxd6
{[%clk 0:32:45]} 23. Ne4+ {[%clk 0:16:25]} dxe4 {[%clk 0:31:57]} 24. Rd1+
{[%clk 0:16:53]} Kc5 {[%clk 0:31:15]} 25. Rxd7 {[%clk 0:17:16]} Rd8
{[%clk 0:31:16]} 26. Rc7+ {[%clk 0:15:46]} Kb6 {[%clk 0:28:40]} 27. Rc4
{[%clk 0:16:01]} Rac8 {[%clk 0:28:25]} 28. Rxe4 {[%clk 0:16:05]} Bxc3+
{[%clk 0:28:21]} 29. Ke2 {[%clk 0:16:31]} Rd2+ {[%clk 0:28:44]} 30. Kf3
{[%clk 0:16:56]} Rc5 {[%clk 0:27:44]} 31. g4 {[%clk 0:16:12]} Ka5
{[%clk 0:22:57]} 32. h3 {[%clk 0:12:00]} h6 {[%clk 0:19:39]} 33. Rb1
{[%clk 0:10:18]} Bf6 {[%clk 0:17:52]} 34. Kg3 {[%clk 0:10:22]} Rcc2
{[%clk 0:16:43]} 35. Bf1 {[%clk 0:05:51]} Bb2 {[%clk 0:13:55]} 36. Rf4
{[%clk 0:06:11]} f6 {[%clk 0:12:25]} 37. Kg2 {[%clk 0:06:02]} Rc5
{[%clk 0:11:35]} 38. Bb5 {[%clk 0:04:59]} f5 {[%clk 0:10:04]} 39. gxf5
{[%clk 0:02:44]} Rxf5 {[%clk 0:09:27]} 40. Rxf5 {[%clk 0:32:13]} exf5
{[%clk 0:39:54]} 41. Kf3 {[%clk 0:32:14]} f4 {[%clk 0:35:59]} 42. exf4
{[%clk 0:32:11]} Bd4 {[%clk 0:36:13]} 43. Rf1 {[%clk 0:32:31]} Kb6
{[%clk 0:35:55]} 44. Be2 {[%clk 0:30:59]} Bc5 {[%clk 0:34:52]} 45. Rg1
{[%clk 0:28:40]} Kc7 {[%clk 0:34:59]} 46. Rg2 {[%clk 0:26:21]} b6
{[%clk 0:34:38]} 47. Bb5 {[%clk 0:26:41]} Kd8 {[%clk 0:34:54]} 48. Rg6
{[%clk 0:24:15]} Rd6 {[%clk 0:31:18]} 49. Rg7 {[%clk 0:23:39]} Bd4
{[%clk 0:28:18]} 50. Rh7 {[%clk 0:23:40]} Bc3 {[%clk 0:28:00]} 51. f5
{[%clk 0:19:52]} Bd4 {[%clk 0:25:10]} 52. Kg3 {[%clk 0:19:46]} Be5+
{[%clk 0:24:27]} 53. Kg4 {[%clk 0:19:05]} Bd4 {[%clk 0:24:51]} 54. Kf3
{[%clk 0:14:25]} Bc5 {[%clk 0:24:45]} 55. Kg3 {[%clk 0:13:56]} Bd4
{[%clk 0:25:07]} 56. Bc4 {[%clk 0:14:08]} Bf6 {[%clk 0:24:24]} 57. f4
{[%clk 0:13:05]} Bc3 {[%clk 0:21:37]} 58. Be6 {[%clk 0:12:45]} Rd3+
{[%clk 0:21:55]} 59. Kg4 {[%clk 0:13:03]} Rd4 {[%clk 0:19:37]} 60. f6
{[%clk 0:09:05]} Bd2 {[%clk 0:19:57]} 61. Rh8+ {[%clk 0:08:55]} Kc7
{[%clk 0:20:17]} 62. f7 {[%clk 0:09:12]} Rxf4+ {[%clk 0:19:49]} 63. Kg3
{[%clk 0:09:36]} 1-0

[Event "Team men HL 2016"]
[Site "Sochi"]
[Date "2016.05.10"]
[Round "9.9"]
[White "Potapov, Pavel"]
[Black "Khismatullin, Denis"]
[Result "1/2-1/2"]
[LiveChessVersion "1.4.4"]
[BlackElo "2609"]
[WhiteElo "2485"]

1. e4 {[%clk 1:30:57]} e5 {[%clk 1:30:57]} 2. Nf3 {[%clk 1:31:21]} Nc6
{[%clk 1:31:21]} 3. Nc3 {[%clk 1:31:32]} Nf6 {[%clk 1:31:45]} 4. d4
{[%clk 1:31:49]} exd4 {[%clk 1:32:08]} 5. Nxd4 {[%clk 1:32:14]} Bb4
{[%clk 1:30:10]} 6. Nxc6 {[%clk 1:32:34]} bxc6 {[%clk 1:30:36]} 7. Bd3
{[%clk 1:32:59]} O-O {[%clk 1:29:43]} 8. O-O {[%clk 1:33:08]} d5 {[%clk 1:30:10]}
9. exd5 {[%clk 1:33:04]} cxd5 {[%clk 1:30:35]} 10. h3 {[%clk 1:33:27]} c6
{[%clk 1:29:13]} 11. Qf3 {[%clk 1:32:54]} Rb8 {[%clk 1:28:27]} 12. Bf4
{[%clk 1:31:14]} Bd6 {[%clk 1:28:12]} 13. b3 {[%clk 1:29:26]} Qc7
{[%clk 1:19:30]} 14. Bxd6 {[%clk 1:25:21]} Qxd6 {[%clk 1:19:51]} 15. Qg3
{[%clk 1:25:48]} Rd8 {[%clk 1:14:22]} 16. Na4 {[%clk 1:18:07]} Be6
{[%clk 1:10:08]} 17. Qxd6 {[%clk 1:15:38]} Rxd6 {[%clk 1:10:33]} 18. Nc5
{[%clk 1:12:10]} Nd7 {[%clk 1:10:50]} 19. Nxd7 {[%clk 1:12:08]} Bxd7
{[%clk 1:08:31]} 20. c4 {[%clk 1:10:19]} a5 {[%clk 1:01:10]} 21. Rac1
{[%clk 1:07:05]} g6 {[%clk 0:53:32]} 22. Rfd1 {[%clk 1:04:57]} Kf8
{[%clk 0:46:07]} 23. cxd5 {[%clk 0:55:45]} cxd5 {[%clk 0:46:23]} 24. Rc5
{[%clk 0:49:16]} a4 {[%clk 0:45:35]} 25. Bc2 {[%clk 0:42:20]} axb3
{[%clk 0:45:01]} 26. Bxb3 {[%clk 0:42:43]} d4 {[%clk 0:43:00]} 27. f3
{[%clk 0:42:21]} Be6 {[%clk 0:30:48]} 28. Rd3 {[%clk 0:40:23]} Bxb3
{[%clk 0:31:00]} 29. axb3 {[%clk 0:40:49]} Rdb6 {[%clk 0:31:05]} 30. Rd5
{[%clk 0:40:51]} Rxb3 {[%clk 0:31:29]} 31. Rxb3 {[%clk 0:41:17]} Rxb3
{[%clk 0:31:55]} 32. Rxd4 {[%clk 0:41:43]} 1/2-1/2

[Event "Team men HL 2016"]
[Site "Sochi"]
[Date "2016.05.10"]
[Round "9.10"]
[White "Bernadskiy, Vitaliy"]
[Black "Belyakov, Bogdan"]
[Result "1/2-1/2"]
[LiveChessVersion "1.4.4"]
[BlackElo "2493"]
[WhiteElo "2526"]

1. d4 {[%clk 1:30:57]} Nf6 {[%clk 1:30:52]} 2. c4 {[%clk 1:31:24]} g6
{[%clk 1:31:15]} 3. Nc3 {[%clk 1:31:52]} Bg7 {[%clk 1:31:38]} 4. e4
{[%clk 1:32:19]} d6 {[%clk 1:30:47]} 5. Nf3 {[%clk 1:32:39]} O-O {[%clk 1:31:03]}
6. Be2 {[%clk 1:33:07]} e5 {[%clk 1:31:23]} 7. O-O {[%clk 1:33:33]} Nc6
{[%clk 1:31:46]} 8. d5 {[%clk 1:33:58]} Ne7 {[%clk 1:32:11]} 9. Nd2
{[%clk 1:34:08]} a5 {[%clk 1:26:05]} 10. Rb1 {[%clk 1:34:14]} Nd7
{[%clk 1:25:17]} 11. a3 {[%clk 1:34:13]} f5 {[%clk 1:24:04]} 12. b4
{[%clk 1:34:15]} Kh8 {[%clk 1:20:54]} 13. Nb3 {[%clk 1:32:46]} axb4
{[%clk 1:16:52]} 14. axb4 {[%clk 1:33:13]} b6 {[%clk 1:14:49]} 15. f3
{[%clk 1:30:56]} Ng8 {[%clk 1:08:48]} 16. Be3 {[%clk 1:28:04]} f4
{[%clk 1:04:12]} 17. Bf2 {[%clk 1:25:23]} h5 {[%clk 1:02:11]} 18. Ra1
{[%clk 1:22:16]} Rxa1 {[%clk 0:55:12]} 19. Qxa1 {[%clk 1:22:35]} g5
{[%clk 0:52:06]} 20. Nb5 {[%clk 1:20:25]} g4 {[%clk 0:49:55]} 21. fxg4
{[%clk 0:46:52]} Ndf6 {[%clk 0:38:05]} 22. Qa7 {[%clk 0:37:15]} Nxe4
{[%clk 0:23:29]} 23. Qxc7 {[%clk 0:35:38]} Nxf2 {[%clk 0:20:30]} 24. Qxd8
{[%clk 0:34:51]} Rxd8 {[%clk 0:20:50]} 25. Kxf2 {[%clk 0:35:12]} hxg4
{[%clk 0:19:26]} 26. Ra1 {[%clk 0:34:40]} e4 {[%clk 0:14:10]} 27. N3d4
{[%clk 0:27:40]} f3 {[%clk 0:08:21]} 28. Bf1 {[%clk 0:27:48]} Bh6
{[%clk 0:08:03]} 29. gxf3 gxf3 {[%clk 0:08:12]} 30. Ne6 {[%clk 0:15:52]} Bxe6
{[%clk 0:07:53]} 31. dxe6 {[%clk 0:16:19]} Bd2 {[%clk 0:07:49]} 32. Ra7
{[%clk 0:10:54]} Bxb4 {[%clk 0:07:25]} 33. Ke3 {[%clk 0:08:42]} d5
{[%clk 0:05:24]} 34. Rd7 {[%clk 0:02:43]} Bc5+ {[%clk 0:05:14]} 35. Kf4
{[%clk 0:03:08]} Rf8+ {[%clk 0:04:23]} 36. Rf7 {[%clk 0:03:31]} dxc4
{[%clk 0:04:09]} 37. Kxe4 {[%clk 0:02:41]} Rxf7 {[%clk 0:03:40]} 38. exf7
{[%clk 0:03:06]} Nh6 {[%clk 0:04:06]} 1/2-1/2

[Event "Team men HL 2016"]
[Site "Sochi"]
[Date "2016.05.10"]
[Round "9.11"]
[White "Savitskiy, Sergey"]
[Black "Yuffa, Daniil"]
[Result "1-0"]
[LiveChessVersion "1.4.4"]
[BlackElo "2503"]
[WhiteElo "2401"]

1. Nf3 {[%clk 1:30:56]} Nf6 {[%clk 1:30:12]} 2. g3 {[%clk 1:31:21]} g6
{[%clk 1:30:32]} 3. Bg2 {[%clk 1:31:46]} Bg7 {[%clk 1:30:55]} 4. O-O
{[%clk 1:32:09]} O-O {[%clk 1:31:23]} 5. c4 {[%clk 1:32:31]} c5 {[%clk 1:29:57]}
6. d4 {[%clk 1:28:37]} cxd4 {[%clk 1:30:22]} 7. Nxd4 {[%clk 1:29:02]} Nc6
{[%clk 1:30:49]} 8. Nc3 {[%clk 1:29:09]} Qa5 {[%clk 1:31:05]} 9. Nb3
{[%clk 1:21:28]} Qh5 {[%clk 1:31:29]} 10. e4 {[%clk 1:20:20]} d6 {[%clk 1:31:50]}
11. Qxh5 {[%clk 1:15:29]} Nxh5 {[%clk 1:32:15]} 12. Nd5 {[%clk 1:15:10]} Be6
{[%clk 1:27:51]} 13. c5 {[%clk 1:09:14]} Rac8 {[%clk 1:17:43]} 14. Rd1
{[%clk 0:51:20]} dxc5 {[%clk 0:50:59]} 15. Nxc5 {[%clk 0:50:16]} b6
{[%clk 0:51:16]} 16. Nxe6 {[%clk 0:43:51]} fxe6 {[%clk 0:51:42]} 17. Ne3
{[%clk 0:43:20]} Rfd8 {[%clk 0:45:19]} 18. Rxd8+ {[%clk 0:18:42]} Rxd8
{[%clk 0:45:42]} 19. f4 {[%clk 0:18:11]} Bd4 {[%clk 0:41:14]} 20. e5
{[%clk 0:18:04]} Nb4 {[%clk 0:39:45]} 21. Be4 {[%clk 0:18:27]} Ng7
{[%clk 0:38:45]} 22. Kf1 {[%clk 0:13:28]} Nf5 {[%clk 0:37:35]} 23. Ke2
{[%clk 0:13:26]} Bc5 {[%clk 0:33:37]} 24. Nxf5 {[%clk 0:10:13]} exf5
{[%clk 0:33:42]} 25. a3 {[%clk 0:09:23]} fxe4 {[%clk 0:27:50]} 26. axb4
{[%clk 0:09:49]} Bxb4 {[%clk 0:23:03]} 27. Rxa7 {[%clk 0:10:12]} Rd3
{[%clk 0:19:14]} 28. e6 {[%clk 0:06:37]} Kg7 {[%clk 0:16:34]} 29. Rb7
{[%clk 0:04:17]} Bc5 {[%clk 0:08:11]} 30. b4 {[%clk 0:04:40]} Bxb4
{[%clk 0:05:19]} 31. Rxb6 {[%clk 0:05:05]} Bc5 {[%clk 0:05:29]} 32. Rc6
{[%clk 0:05:08]} Bg1 {[%clk 0:03:56]} 33. g4 {[%clk 0:01:55]} Rh3
{[%clk 0:02:52]} 34. Bb2+ {[%clk 0:01:18]} Kh6 {[%clk 0:03:15]} 35. Bf6
{[%clk 0:01:01]} e3 {[%clk 0:02:34]} 36. Bxe7 {[%clk 0:00:56]} Rxh2+
{[%clk 0:02:52]} 37. Kd3 {[%clk 0:00:54]} Kg7 {[%clk 0:01:39]} 38. g5
{[%clk 0:01:19]} Rd2+ {[%clk 0:00:52]} 39. Ke4 {[%clk 0:01:44]} Rd4+
{[%clk 0:00:37]} 40. Kxd4 {[%clk 0:32:03]} e2+ {[%clk 0:31:05]} 1-0